| 000 | 00578nam a2200145 i 4500 | ||
|---|---|---|---|
| 001 | 23140 | ||
| 003 | ES-MaACL | ||
| 007 | t| | ||
| 008 | 021209s1981 sp ||||1| spa d | ||
| 100 | 1 |
_aAlvargonzález Cruz, Rafael. _921012 |
|
| 245 | 1 | 0 |
_aRegresión lineal y funciones de ajuste _b: (estudio sobre la determinación de las funciones polinómicas más simples, compatibles con una muestra dada) / _cRafael Alvargonzález Cruz. |
| 260 |
_aMadrid : _bInstituto Nacional de Investigaciones Agrarias, _c1981. |
||
| 300 |
_a324 p. ; _c25 cm. |
||
| 852 |
_aES-MaACL _jL-3802 _bR.103987 |
||
| 999 |
_c23140 _d23140 |
||